| 000 | 00475nam a22001697a 4500 | ||
|---|---|---|---|
| 999 |
_c2106 _d2106 |
||
| 003 | OSt | ||
| 005 | 20181004165928.0 | ||
| 008 | 181004b ||||| |||| 00| 0 eng d | ||
| 040 | _cDLC | ||
| 082 |
_a828.9 _bG268F |
||
| 100 | _aGaukroger, Stephen | ||
| 245 |
_aFrogs in cream : _bsparkling resources for speakers/ _cBy Stephen Gaukroger & Nick Mercer. |
||
| 260 |
_aLondon : _bScripture Union, _cc1990. |
||
| 300 | _a125 p.: | ||
| 650 | _aGaukroger, Stephen | ||
| 942 |
_2ddc _cBK |
||